"Biblioteca Práctica de Consulta del Nuevo Milenio: Volumen 4 (Registro nro. 2040)

Detalles MARC
000 -LEADER
fixed length control field 02551nam a22002057a 4500
003 - CONTROL NUMBER IDENTIFIER
control field OSt
005 - DATE AND TIME OF LATEST TRANSACTION
control field 20260406085604.0
008 - FIXED-LENGTH DATA ELEMENTS--GENERAL INFORMATION
fixed length control field 260406b |||||||| |||| 00| 0 esp d
082 ## - DEWEY DECIMAL CLASSIFICATION NUMBER
Edition number 9586771180
100 ## - MAIN ENTRY--PERSONAL NAME
Personal name Zamora Editores.
245 ## - TITLE STATEMENT
Title "Biblioteca Práctica de Consulta del Nuevo Milenio: Volumen 4
250 ## - EDITION STATEMENT
Edition statement 4ta edición
260 ## - PUBLICATION, DISTRIBUTION, ETC.
Place of publication, distribution, etc. Bogotá, Colombia.
Name of publisher, distributor, etc. Zamora Editores Ltda
Date of publication, distribution, etc. 2000 - 2001
300 ## - PHYSICAL DESCRIPTION
Extent 268 páginas
Other physical details 350 a 450 gramos
Dimensions 21 x 14 cm
Accompanying material Muchas de las versiones del "Nuevo Milenio" venían acompañadas de un disco multimedia con ejercicios de autoevaluación, gráficos animados y buscadores digitales de términos para complementar los temas de Química y Lengua Española. Guías de Autoevaluación: Algunos ejemplares incluyen secciones de cuestionarios al final de cada capítulo para reforzar el aprendizaje autodidacta. Ilustraciones a color
490 ## - SERIES STATEMENT
Materials specified plastificado brillante
520 ## - SUMMARY, ETC.
Summary, etc. Este Volumen 4 de la Biblioteca Práctica de Consulta del Nuevo Milenio es un texto híbrido diseñado como herramienta de apoyo escolar para estudiantes de secundaria y bachillerato. Su contenido se divide en dos grandes ejes temáticos independientes:<br/>1. Química (General y Orgánica)<br/>El libro presenta la química desde sus conceptos más básicos hasta estructuras complejas.<br/>Fundamentos: Explica la estructura del átomo, la tabla periódica y los enlaces químicos.<br/>Reacciones: Detalla cómo interactúan los elementos, la estequiometría y el equilibrio químico.<br/>Química del Carbono: Introduce la química orgánica, cubriendo hidrocarburos, grupos funcionales y la importancia de las moléculas en la vida cotidiana.<br/>Enfoque: Utiliza un lenguaje directo con abundantes modelos moleculares y diagramas para facilitar la comprensión de fórmulas.<br/>2. Lengua Española<br/>Esta sección funciona como una guía integral para el dominio del idioma, dividida en:<br/>Gramática y Ortografía: Reglas de acentuación, puntuación y el uso correcto de las categorías gramaticales (sustantivos, verbos, etc.).<br/>Comunicación Humana: Analiza el proceso de comunicación, los elementos del mensaje y las barreras que lo dificultan.<br/>Comunicación Oral: Técnicas para mejorar la expresión en público, debates y la oratoria.<br/>Enfoque: Incluye ejercicios prácticos y ejemplos de aplicación para corregir errores comunes en la escritura y el habla.
650 ## - SUBJECT ADDED ENTRY--TOPICAL TERM
Topical term or geographic name entry element Química.
General subdivision Problemas, ejercicios, etc. / Química orgánica.
Chronological subdivision Aspectos sociales / Comunicación oral.
700 ## - ADDED ENTRY--PERSONAL NAME
Personal name Zamora Editores.
942 ## - ADDED ENTRY ELEMENTS (KOHA)
Source of classification or shelving scheme Dewey Decimal Classification
Koha item type Acceso Libre
Suppress in OPAC No
Existencias
Withdrawn status Lost status Source of classification or shelving scheme Damaged status Not for loan Collection Home library Current library Shelving location Date acquired Source of acquisition Coded location qualifier Inventory number Total checkouts Full call number Barcode Date last seen Copy number Price effective from Koha item type
    Dewey Decimal Classification     Estantería F Fila 2 Biblioteca Stanford Biblioteca Stanford Biblioteca Abierta 06.04.2026 LECTURA 0464 0464   0464 BIBLIO0464 06.04.2026 1 06.04.2026 Acceso Libre
Bienvenido a nuestra Biblioteca